00455 2200193 4500001002100000005001500021035002000036245003000056100001500086250000600101856004500107260004100152082000800193084001400201600001000215990001200225990001200237990001200249INLIS00000000000172920250505103344 a0010-05250000211 aPutri Hijau /cMuh. Saleh0 aMuh. Saleh a1 aRuang Baca Umum No Klas 800 ( Rak 3,4,5) aYogyakarta :bMita Gama Widya,c2000 a813 a813 MUH p 4aFiksi a00.0186 a00.0187 a00.0188